Logo BPK

Bibliografia Prac Pracowników

Politechniki Koszalińskiej

Obciążenia i własności wytrzymałościowe przecinaków ściernych / (Rekord nr 6269)

Szczegóły MARC
000 -ETYKIETA REKORDU
podpole kontrolne o stałej długości 01213nab a2200229 i 4500
001 - NUMER KONTROLNY REKORDU
podpole kontrolne BPP
003 - IDENTYFIKATOR NUMERU KONTROLNEGO REKORDU
podpole kontrolne BPK
005 - DATA OSTATNIEJ MODYFIKACJI REKORDU
podpole kontrolne 20160411144454.0
008 - POLE O STAŁEJ DŁUGOŚCI - DANE KONTROLNE
podpole kontrolne o stałej długości 140529s1983 pl f |000 0 pol
040 ## - ŹRÓDŁO KATALOGOWANIA
Instytucja, która utworzyła rekord BPK
084 ## - NUMER INNEJ KLASYFIKACJI
Numer klasyfikacji 621.9
100 ## - NAZWA OSOBOWA
Nazwa osobowa WOŹNIAK, Kazimierz.
Lata pracy 1980 - 1989.
Instytucja Wyższa Szkoła Inżynierska w Koszalinie - Wydział Mechaniczny,
Wydział Zakład Materiałoznawstwa i Obróbki Cieplnej
245 ## - TYTUŁ/ODPOWIEDZIALNOŚĆ
Tytuł Obciążenia i własności wytrzymałościowe przecinaków ściernych /
Pozostałe elementy strefy tytułu i oznaczenia odpowiedzialności Kazimierz Woźniak, Bogusław Poletajew.
260 ## - STREFA ADRESU WYDAWNICZEGO
Data publikacji, dystrybucji/powstania dokumentu 1983.
500 ## - UWAGI OGÓLNE
Tekst uwagi Dane z autopsji.
520 ## - UWAGA DOTYCZĄCA TREŚCI DOKUMENTU
Analiza dokumentacyjna, adnotacja itp. W artykule przedstawiono analizę naprężeń występujących w czasie pracy przecinaków ściernych, ograniczenia eksploatacyjne tych narzędzi oraz możliwości ich pokonania. Opisano również wpływ zastosowania włókna szklanego na zwiększenie wytrzymałości przecinaków na rozerwanie.
650 #0 - HASŁO PRZEDMIOTOWE W FORMIE NAZWY OGÓLNEJ LUB JEDNOSTKOWEJ
Nazwa ogólna lub geograficzna Włókna szklane.
650 #0 - HASŁO PRZEDMIOTOWE W FORMIE NAZWY OGÓLNEJ LUB JEDNOSTKOWEJ
Nazwa ogólna lub geograficzna Szlifowanie - narzędzia i maszyny.
700 ## - HASŁO DODATKOWE - NAZWA OSOBOWA
Nazwa osobowa POLETAJEW, Bogusław.
Lata pracy 1980 - 1983.
Instytucja Wyższa Szkoła Inżynierska - Wydział Mechaniczny,
Wydział Zakład Materiałoznawstwa i Obróbki Cieplnej
773 ## - TYTUŁ DOKUMENTU MACIERZYSTEGO
Wyrażenie wprowadzające W :
Tytuł Mechanik. -
Informacje dotyczące relacji 1983, nr 7, s. 411-414
942 ## - HASŁO DODATKOWE - ELEMENTY(KOHA)
Typ dokumentu Artykuł
Schemat klasyfikacji Uniwersalna klasyfikacja dziesiętna
Egzemplarze
Wycofany Zagubiony Uszkodzony Dostępność Lokalizacja stała Lokalizacja bieżąca Sygnatura Typ dokumentu
      Dostępny Bibliografia Prac Pracowników - BPK Bibliografia Prac Pracowników - BPK 0256 Artykuł
© 2014 Biblioteka Politechniki Koszalińskiej :: BIBLIOGRAFIA PRAC PRACOWNIKÓW